| 000 | 01834nam a2200541 i 4500 | ||
|---|---|---|---|
| 001 | 55417 | ||
| 003 | KOSZ 005 | ||
| 005 | 20260417063320.0 | ||
| 008 | 080704s2008 pl a f f |001 0 pol | ||
| 015 | _aUWD 2008/18012 | ||
| 020 | _a9788324611287 | ||
| 035 | _a991043008499705066 | ||
| 035 | _a(PL-WaBN)b21585180-48omnis_nlop | ||
| 035 | _ab21585180 | ||
| 035 | _a(OCoLC)749773637 | ||
| 035 | _a(PL)b0000002158518 | ||
| 035 | _a(EXLNZ-48OMNIS_NETWORK)9910243727705606 | ||
| 040 |
_aWA N _cWA N _dKOSZ 005/HR |
||
| 041 | 1 |
_apol _heng |
|
| 046 | _k2008 | ||
| 080 | _a004.434 | ||
| 080 | _a004.774 | ||
| 080 | _a004.42 | ||
| 080 | _a(07) | ||
| 100 | 1 |
_aConnolly, Randy _d(1964- ) _eAutor |
|
| 245 | 1 | 0 |
_aCore ASP.NET 2.0 : _bprojektowanie aplikacji internetowych / _cRandy Connolly ; [tł. Paweł Gonera, Ireneusz Jakóbik]. |
| 246 | 1 |
_iTyt. oryg.: _aCore internet application development with ASP.NET 2.0, _f2007 |
|
| 246 | 3 | 0 | _aASP.NET 2.0 |
| 260 |
_aGliwice : _bWydawnictwo Helion, _ccop. 2008. |
||
| 300 |
_a927 s. : _bil. ; _c25 cm. |
||
| 336 |
_aTekst _btxt _2rdacontent |
||
| 337 |
_aBez urządzenia pośredniczącego _bn _2rdamedia |
||
| 338 |
_aWolumin _bnc _2rdacarrier |
||
| 380 | _aKsiążki | ||
| 380 | _aPublikacje fachowe | ||
| 388 | _a2001- | ||
| 504 | _aIndeks. | ||
| 650 | 7 |
_aADO.NET (język programowania) _2DBN |
|
| 650 | 7 |
_aASP.NET (platforma programistyczna) _2DBN |
|
| 655 | 7 |
_aPodręcznik _2DBN |
|
| 658 | _aInformatyka i technologie informacyjne | ||
| 700 | 1 |
_aGonera, Paweł _eTłumaczenie |
|
| 700 | 1 |
_aJakóbik, Ireneusz _eTłumaczenie |
|
| 710 | 2 |
_aHelion _4pbl |
|
| 856 |
_uhttp://koha.tu.koszalin.pl/cgi-bin/koha/opac-detail.pl?biblionumber=55417 _yKatalog online BPK |
||
| 942 |
_2UKD _cKS |
||
| 999 |
_c55417 _d55417 |
||